• 首页
  • 本馆介绍
  • 公告通知
  • 最新文献
  • 馆藏检索
  • 电子资源
  • 读者导购
  • 参考咨询
  • 我的图书馆
  • 登录
  • 详细信息显示
  • 放入我的书架
  • 预约/预借图书
  • 作者相关作品
  • 分类相关作品
  • 丛书相关作品
  • 出版社相关作品

书目信息

  • 表格格式
  • 工作单格式
  • 卡片格式
题名:
欧洲绘画史
    
 
作者: 斯佩泽尔 , 福斯卡 著 ;路曦 译
分册:  
出版信息: 桂林   广西师范大学出版社  2002
页数: 334页
开本: 21cm
丛书名: 贝贝特·艺术广场
单 册:
中图分类: J209.5
科图分类:
主题词: 绘画史--欧洲
电子资源:
ISBN: 7-5633-3682-6
000 00990oam2 2200265 45
001 002299957
005 20050322083903.1
010    @a7-5633-3682-6@dCNY49.80
100    @a20030212d2002 em y0chiy0110 ea
101 1  @achi@ceng
102    @aCN@b450000
105    @aa z 000yy
200 1  @a欧洲绘画史@Aou zhou hui hua shi@dHistory of Painting@e从拜占庭到毕加索@f(英)德·斯佩泽尔,(英)福斯卡著@F(Ying)De·Si Pei Ze Er,(Ying)Fu Si Ka Zhu@g路曦等译
210    @a桂林@c广西师范大学出版社@d2002
215    @a334页@c图@d21cm
225 2  @a贝贝特·艺术广场@i绘画艺术书系@v9
330    @a欧洲绘画史融汇了欧洲各国的文化观念、宗教意识、哲学思想和审美情趣。书中百余幅传世名作带给人直观的视觉冲击和美的享受,勾勒出欧洲绘画发展的历程。
410    @12001 @a贝贝特·艺术广场@i绘画艺术书系@v9
606 0  @a绘画史@y欧洲
690    @aJ209.5@v4
701  0 @a斯佩泽尔@4著
701  0 @a福斯卡@4著
702  0 @a路曦@Alu xi@4译
801  0 @aCN@bNLC@c20030401
905    @f5@b345820-824@dJ209.5@e262
    
    欧洲绘画史=History of Painting:从拜占庭到毕加索/(英)德·斯佩泽尔,(英)福斯卡著/路曦等译.-桂林:广西师范大学出版社,2002
    334页:图;21cm.-(贝贝特·艺术广场.绘画艺术书系;9)
    
    
    ISBN 7-5633-3682-6:CNY49.80
    欧洲绘画史融汇了欧洲各国的文化观念、宗教意识、哲学思想和审美情趣。书中百余幅传世名作带给人直观的视觉冲击和美的享受,勾勒出欧洲绘画发展的历程。
●
相关链接 在E读中查询图书 在五车中查询图书 在当当中查询图书 在豆瓣中查询图书


正题名:欧洲绘画史     索取号:J209.5/262         预约/预借

序号 登录号 条形码 馆藏地/架位号 状态 备注
1 0345820   203458203   第一样本阅览室/ [索取号:J209.5/262] 在馆    
2 0345821   203458212   第一借阅区/ [索取号:J209.5/262] 在馆    
3 0345822   203458221   第一借阅区/ [索取号:J209.5/262] 在馆    
4 0345823   203458230   第一借阅区/ [索取号:J209.5/262] 在馆    
5 0345824   203458249   第一借阅区/ [索取号:J209.5/262] 在馆    
唐山师范学院图书馆 欢迎您!
大连网信软件有限公司© 版权所有